Nám. slobody v Šaštíne - rekonštrukcia verejného priestoru

Uložené v:
Podrobná bibliografia
Hlavný autor: Naďová, Ivana (Autor)
Ďalší autori: Sopirová, Alžbeta, 1955- (Vedúci práce)
Médium: Rukopis Kniha
Jazyk:Slovak
Vydavateľské údaje: Bratislava 2015
Predmet:
On-line prístup:http://is.stuba.sk/zp/portal_zp.pl?podrobnosti=93877
Tagy: Pridať tag
Žiadne tagy, Buďte prvý, kto otaguje tento záznam!

MARC

LEADER 00000ntm a22000003a 4500
001 stuzp51815
003 SK-STU
005 20210302100458.5
007 ta
008 150427s2015----xo-----f-mn---000-0-slo-d
040 |a STU  |b slo 
041 0 |a slo 
100 1 |a Naďová, Ivana  |u 056160  |4 aut  |U FAD Fakulta architektúry  |T FA Ústav urbanizmu a územného plánovania  |X 62019  |U A6160  |Y 397  |7 62019 
242 0 1 |a Square of liberty Šaštín - reconstruction of public space  |y eng 
245 1 0 |a Nám. slobody v Šaštíne - rekonštrukcia verejného priestoru 
260 |c 2015  |a Bratislava 
650 4 |a Šaštín  |2 slo 
650 4 |a rekonštrukcia  |2 slo 
650 4 |a námestie  |2 slo 
650 4 |a verejný priestor  |2 slo 
650 4 |a square  |2 eng 
650 4 |a public space  |2 eng 
650 4 |a reconstruction  |2 eng 
650 4 |a the historical concept  |2 eng 
700 1 |a Sopirová, Alžbeta,  |d 1955-  |4 ths  |X 4201  |7 A000004201 
856 4 |u http://is.stuba.sk/zp/portal_zp.pl?podrobnosti=93877  |u https://opac.crzp.sk/?fn=detailBiblioForm&sid=367CD704F5D5570C77E3F1DE3652 
SQL |a stuzp51815  |b DBP  |c SLO  |d Nám. slobody v Šaštíne - rekonštrukcia verejného priestoru  |e 62019  |f Naďová, Ivana  |g 056160  |h 4201  |i Sopirová, Alžbeta  |j 20150611  |k 149  |l 05  |m http://is.stuba.sk/zp/portal_zp.pl?podrobnosti=93877  |n B-AU  |o 5.1.1. architektúra a urbanizmus